[Event "Valencia ch-A 2005"]
[Site "Cullera ESP"]
[Date "2005.07.21"]
[Round "1.1"]
[White "Arizmendi Martinez, Julen Luis"]
[Black "Valmaña Canto, Jaime"]
[Result "1-0"]
[WhiteElo "2504"]
[BlackElo "2223"]
[PlyCount "95"]
[EventDate "2005.07.19"]
[EventType "tourn"]
[EventRounds "5"]
[EventCountry "ESP"]
[Source "lmi"]
[SourceDate "2005.08.01"]

1. e4 c5 2. Nf3 Nc6 3. Bb5 e6 4. O-O Nge7 5. c3 a6 6. Be2 d5 7. exd5 Nxd5 8. d4
Be7 9. Ne5 Bd7 10. Nxd7 Qxd7 11. dxc5 Bxc5 12. Qa4 O-O 13. Nd2 Rfd8 14. Qc4 Be7
15. Nf3 Rac8 16. Qg4 Nf6 17. Qh3 Qc7 18. Bd1 Rd7 19. Bb3 Na5 20. Bc2 Rd5 21.
Ng5 h6 22. Ne4 Rcd8 23. Qf3 Rf5 24. Nxf6+ Rxf6 25. Qe4 Rg6 26. Bf4 Bd6 27. Bxd6
Rxd6 28. Rad1 Rxd1 29. Rxd1 f5 30. Qd4 Rf6 31. Qd8+ Qxd8 32. Rxd8+ Rf8 33. Rd6
Re8 34. Rd7 b6 35. Kf1 Kf8 36. Bd3 Re7 37. Rd8+ Kf7 38. Bxa6 Ra7 39. Bb5 Ke7
40. Rb8 Nb7 41. a3 Kd6 42. Rc8 Na5 43. b4 Nb3 44. a4 Nd2+ 45. Ke2 Ne4 46. f3
Nf6 47. Rc6+ Ke5 48. Rxb6 1-0

[Event "Valencia ch-A 2005"]
[Site "Cullera ESP"]
[Date "2005.07.21"]
[Round "1.2"]
[White "Alvarez Ibarra, Rafael"]
[Black "Roig Aguilar, Alejandro"]
[Result "1-0"]
[WhiteElo "2405"]
[BlackElo "2085"]
[PlyCount "89"]
[EventDate "2005.07.19"]
[EventType "tourn"]
[EventRounds "5"]
[EventCountry "ESP"]
[Source "lmi"]
[SourceDate "2005.08.01"]

1. e4 c5 2. Nf3 Nc6 3. Nc3 e5 4. Bc4 d6 5. d3 Be7 6. O-O h6 7. Ne2 Be6 8. Ng3
Qd7 9. a3 Nf6 10. Bd2 Rb8 11. b4 b5 12. Bxe6 Qxe6 13. Nf5 Bf8 14. a4 g6 15. Ne3
cxb4 16. axb5 Rxb5 17. Ra6 Qc8 18. Qa1 Nd7 19. Qa4 Nc5 20. Qxb5 Qxa6 21. Qxa6
Nxa6 22. Nd5 Kd7 23. Ra1 Nc7 24. Nxb4 Nxb4 25. Bxb4 a6 26. Ba5 Be7 27. Bxc7
Kxc7 28. Rxa6 Rb8 29. Ra7+ Kd8 30. h3 Rb1+ 31. Kh2 Rb2 32. d4 Rxc2 33. dxe5
dxe5 34. Nxe5 f6 35. Nxg6 Bc5 36. Ra8+ Kd7 37. f4 Re2 38. e5 fxe5 39. Nxe5+ Ke6
40. Nf3 Kf6 41. Ra6+ Kg7 42. Nh4 h5 43. Nf5+ Kf7 44. Rh6 Bf2 45. Rxh5 1-0

[Event "Valencia ch-A 2005"]
[Site "Cullera ESP"]
[Date "2005.07.21"]
[Round "1.3"]
[White "Sanchiz Marti, Jose Miguel"]
[Black "Garcia Roman, Daniel"]
[Result "0-1"]
[WhiteElo "2169"]
[BlackElo "2390"]
[PlyCount "74"]
[EventDate "2005.07.19"]
[EventType "tourn"]
[EventRounds "5"]
[EventCountry "ESP"]
[Source "lmi"]
[SourceDate "2005.08.01"]

1. d4 e6 2. c4 Bb4+ 3. Bd2 Qe7 4. Nc3 f5 5. e3 b6 6. Bd3 Bb7 7. Nf3 Nf6 8. O-O
O-O 9. Qe2 Ne4 10. Nb5 Nxd2 11. Nxd2 a6 12. Nc3 Bxc3 13. bxc3 e5 14. e4 f4 15.
dxe5 Nc6 16. e6 Ne5 17. exd7 f3 18. Nxf3 Rxf3 19. gxf3 Qxd7 20. Qe3 Qxd3 21.
Qxd3 Nxd3 22. Rad1 Ne5 23. Kg2 Rf8 24. Rfe1 Rxf3 25. Rd8+ Rf8 26. Rxf8+ Kxf8
27. f4 Nxc4 28. Kg3 Nd2 29. e5 Ne4+ 30. Kg4 Nxc3 31. Rc1 Nd5 32. h4 c5 33. h5
c4 34. f5 h6 35. Kg3 b5 36. a4 c3 37. axb5 axb5 0-1

[Event "Valencia ch-A 2005"]
[Site "Cullera ESP"]
[Date "2005.07.22"]
[Round "2.1"]
[White "Valmaña Canto, Jaime"]
[Black "Garcia Roman, Daniel"]
[Result "0-1"]
[WhiteElo "2223"]
[BlackElo "2390"]
[PlyCount "53"]
[EventDate "2005.07.19"]
[EventType "tourn"]
[EventRounds "5"]
[EventCountry "ESP"]
[Source "lmi"]
[SourceDate "2005.08.01"]

1. e4 e6 2. d4 d5 3. Nc3 Nf6 4. e5 Nfd7 5. f4 c5 6. Nf3 Nc6 7. Be3 Qb6 8. Na4
Qa5+ 9. c3 cxd4 10. b4 Nxb4 11. cxb4 Bxb4+ 12. Bd2 Bxd2+ 13. Nxd2 b5 14. Nb2
Nc5 15. a4 bxa4 16. Nxa4 Ne4 17. Bd3 O-O 18. Ke2 f5 19. Nf3 Bd7 20. Bxe4 fxe4
21. Nxd4 Rxf4 22. Ke3 Raf8 23. Qd2 Qc7 24. Nc3 Qxe5 25. h4 Rf2 26. Nde2 Rxe2+
27. Nxe2 0-1

[Event "Valencia ch-A 2005"]
[Site "Cullera ESP"]
[Date "2005.07.22"]
[Round "2.2"]
[White "Roig Aguilar, Alejandro"]
[Black "Sanchiz Marti, Jose Miguel"]
[Result "1-0"]
[WhiteElo "2085"]
[BlackElo "2169"]
[PlyCount "77"]
[EventDate "2005.07.19"]
[EventType "tourn"]
[EventRounds "5"]
[EventCountry "ESP"]
[Source "lmi"]
[SourceDate "2005.08.01"]

1. d4 d5 2. c4 e6 3. cxd5 exd5 4. Nc3 c5 5. Nf3 Nc6 6. g3 Nf6 7. Bg2 Be7 8. O-O
O-O 9. Bg5 cxd4 10. Nxd4 h6 11. Bf4 a6 12. Rc1 Re8 13. h3 Bf8 14. Qd2 Be6 15.
Rfd1 Rc8 16. Nxc6 bxc6 17. e4 Qd7 18. h4 Bh3 19. Bh1 Bg4 20. Re1 Rcd8 21. exd5
Rxe1+ 22. Rxe1 cxd5 23. Qd4 Kh7 24. Be5 Qe6 25. Re3 Be7 26. Bc7 Qd7 27. Bxd8
Bxd8 28. Nxd5 Qc8 29. Nxf6+ Bxf6 30. Be4+ Kh8 31. Qd2 g6 32. Rd3 Kg7 33. Ra3
Be6 34. b3 Be7 35. Ra4 Bd7 36. Rc4 Qe8 37. Rc7 Be6 38. Ra7 Bc5 39. Qc3+ 1-0

[Event "Valencia ch-A 2005"]
[Site "Cullera ESP"]
[Date "2005.07.22"]
[Round "2.3"]
[White "Arizmendi Martinez, Julen Luis"]
[Black "Alvarez Ibarra, Rafael"]
[Result "1/2-1/2"]
[WhiteElo "2504"]
[BlackElo "2405"]
[PlyCount "52"]
[EventDate "2005.07.19"]
[EventType "tourn"]
[EventRounds "5"]
[EventCountry "ESP"]
[Source "lmi"]
[SourceDate "2005.08.01"]

1. e4 e5 2. Nf3 Nc6 3. Bb5 Nf6 4. O-O d6 5. Re1 Bd7 6. c3 Be7 7. d4 O-O 8. d5
Nb8 9. Bxd7 Nbxd7 10. c4 a5 11. Nc3 h6 12. b3 Nh7 13. a3 Bg5 14. Nxg5 Nxg5 15.
Be3 f5 16. exf5 Rxf5 17. Qg4 Rf7 18. Bxg5 Qxg5 19. Qxg5 hxg5 20. Ne4 g4 21. Ng5
Re7 22. b4 Nf6 23. b5 b6 24. Rac1 Rf8 25. Rc3 Nh5 26. Re4 Rf5 1/2-1/2

[Event "Valencia ch-A 2005"]
[Site "Cullera ESP"]
[Date "2005.07.23"]
[Round "3.1"]
[White "Alvarez Ibarra, Rafael"]
[Black "Valmaña Canto, Jaime"]
[Result "1-0"]
[WhiteElo "2405"]
[BlackElo "2223"]
[PlyCount "63"]
[EventDate "2005.07.19"]
[EventType "tourn"]
[EventRounds "5"]
[EventCountry "ESP"]
[Source "lmi"]
[SourceDate "2005.08.01"]

1. e4 c5 2. Nf3 Nc6 3. Bb5 e6 4. O-O Nge7 5. c3 a6 6. Be2 d5 7. exd5 Nxd5 8. d4
Be7 9. dxc5 Bxc5 10. c4 Nde7 11. Qxd8+ Nxd8 12. Nc3 Nec6 13. Ne4 Be7 14. Bf4 f6
15. Nd6+ Bxd6 16. Bxd6 e5 17. Rfd1 Ne6 18. Bf1 Ncd4 19. Nxd4 exd4 20. c5 Kd7
21. Bc4 Kc6 22. b4 Re8 23. Rac1 b6 24. Bd3 bxc5 25. bxc5 Nc7 26. Bxh7 Nb5 27.
Bg6 Re6 28. Bh5 Rxd6 29. cxd6+ Kxd6 30. a4 Na7 31. Bf3 Rb8 32. Rxd4+ 1-0

[Event "Valencia ch-A 2005"]
[Site "Cullera ESP"]
[Date "2005.07.23"]
[Round "3.3"]
[White "Garcia Roman, Daniel"]
[Black "Roig Aguilar, Alejandro"]
[Result "1-0"]
[WhiteElo "2390"]
[BlackElo "2085"]
[PlyCount "54"]
[EventDate "2005.07.19"]
[EventType "tourn"]
[EventRounds "5"]
[EventCountry "ESP"]
[Source "lmi"]
[SourceDate "2005.08.01"]

1. d4 d5 2. c4 c6 3. Nf3 Nf6 4. e3 e6 5. Nbd2 Nbd7 6. Bd3 Bd6 7. O-O O-O 8. e4
dxe4 9. Nxe4 Nxe4 10. Bxe4 f5 11. Bc2 e5 12. Bg5 Be7 13. Bxe7 Qxe7 14. Nxe5
Nxe5 15. Re1 Qb4 16. dxe5 Be6 17. Bb3 Rfd8 18. Qf3 Rd2 19. Rad1 Rad8 20. Rxd2
Rxd2 21. Rd1 h6 22. g3 g6 23. Rxd2 Qxd2 24. c5 Qe1+ 25. Kg2 Qxe5 26. Qf4 Bd5+
27. Bxd5+ Qxd5+ 1-0

[Event "Valencia ch-A 2005"]
[Site "Cullera ESP"]
[Date "2005.07.24"]
[Round "4.1"]
[White "Valmaña Canto, Jaime"]
[Black "Roig Aguilar, Alejandro"]
[Result "1-0"]
[WhiteElo "2223"]
[BlackElo "2085"]
[PlyCount "41"]
[EventDate "2005.07.19"]
[EventType "tourn"]
[EventRounds "5"]
[EventCountry "ESP"]
[Source "lmi"]
[SourceDate "2005.08.01"]

1. e4 c5 2. Nf3 e6 3. d4 cxd4 4. Nxd4 Qb6 5. Be3 Bc5 6. c3 Nc6 7. Nd2 d5 8.
exd5 exd5 9. N2b3 Bxd4 10. Bxd4 Nxd4 11. Nxd4 Nf6 12. Bb5+ Bd7 13. Qe2+ Kf8 14.
Bxd7 Nxd7 15. O-O Re8 16. Qf3 Nf6 17. Rae1 Re4 18. Qh3 Qxb2 19. Qc8+ Re8 20.
Rxe8+ Nxe8 21. Re1 1-0

[Event "Valencia ch-A 2005"]
[Site "Cullera ESP"]
[Date "2005.07.24"]
[Round "4.2"]
[White "Arizmendi Martinez, Julen Luis"]
[Black "Garcia Roman, Daniel"]
[Result "1-0"]
[WhiteElo "2504"]
[BlackElo "2390"]
[PlyCount "99"]
[EventDate "2005.07.19"]
[EventType "tourn"]
[EventRounds "5"]
[EventCountry "ESP"]
[Source "lmi"]
[SourceDate "2005.08.01"]

1. e4 e5 2. Nf3 Nc6 3. Bb5 a6 4. Ba4 Nf6 5. O-O Nxe4 6. d4 exd4 7. Re1 d5 8.
Nxd4 Bd6 9. Nxc6 Bxh2+ 10. Kh1 Qh4 11. Rxe4+ dxe4 12. Qd8+ Qxd8 13. Nxd8+ Kxd8
14. Kxh2 Be6 15. Bf4 c5 16. c3 Ke7 17. Nd2 f5 18. f3 b5 19. Bc2 exf3 20. Nxf3
Rhe8 21. Re1 Kf8 22. Bd6+ Kg8 23. Bxc5 Bxa2 24. Ne5 g6 25. Bd4 a5 26. Ra1 Be6
27. Bd3 b4 28. Bb5 Rf8 29. Bc6 bxc3 30. Bxc3 Ra6 31. Rxa5 Rxa5 32. Bxa5 Bb3 33.
Kg3 Rb8 34. Kf4 Rf8 35. Ke3 g5 36. Kd4 h5 37. Kc3 Be6 38. b4 f4 39. b5 g4 40.
b6 Bc8 41. Kd4 f3 42. gxf3 g3 43. Ke3 h4 44. Ng6 Rf6 45. Bd5+ Kg7 46. Nxh4 Rf8
47. b7 Re8+ 48. Kf4 Bxb7 49. Bxb7 Rb8 50. Be4 1-0

[Event "Valencia ch-A 2005"]
[Site "Cullera ESP"]
[Date "2005.07.24"]
[Round "4.3"]
[White "Alvarez Ibarra, Rafael"]
[Black "Sanchiz Marti, Jose Miguel"]
[Result "1-0"]
[WhiteElo "2405"]
[BlackElo "2169"]
[PlyCount "41"]
[EventDate "2005.07.19"]
[EventType "tourn"]
[EventRounds "5"]
[EventCountry "ESP"]
[Source "lmi"]
[SourceDate "2005.08.01"]

1. d4 g6 2. e4 Bg7 3. Nc3 d6 4. f4 Nd7 5. Nf3 e6 6. Bd3 Ne7 7. O-O O-O 8. Be3
c6 9. e5 Nd5 10. Bd2 Nxc3 11. bxc3 h6 12. a4 b6 13. h4 h5 14. Ng5 a5 15. g4
hxg4 16. Qxg4 Ba6 17. Bxg6 Bh6 18. Qh5 Kg7 19. f5 Be2 20. Qxh6+ Kxh6 21. Nxe6+
1-0

[Event "Valencia ch-A 2005"]
[Site "Cullera ESP"]
[Date "2005.07.25"]
[Round "5.1"]
[White "Sanchiz Marti, Jose Miguel"]
[Black "Valmaña Canto, Jaime"]
[Result "0-1"]
[WhiteElo "2169"]
[BlackElo "2223"]
[PlyCount "56"]
[EventDate "2005.07.19"]
[EventType "tourn"]
[EventRounds "5"]
[EventCountry "ESP"]
[Source "lmi"]
[SourceDate "2005.08.01"]

1. d4 g6 2. c4 Bg7 3. e4 d6 4. Nc3 Nf6 5. f3 O-O 6. Be3 c5 7. d5 e6 8. Qd2 exd5
9. cxd5 a6 10. a4 Nbd7 11. Nh3 Rb8 12. Be2 Ne5 13. Nf2 Bd7 14. h3 b5 15. b3 b4
16. Ncd1 Nh5 17. Rc1 Ng3 18. f4 Qh4 19. Rg1 Nxe4 20. Qc2 Nxf2 21. g3 Nfd3+ 22.
Bxd3 Nxd3+ 23. Qxd3 Qxh3 24. Qxa6 Rfe8 25. Kf2 Bg4 26. Qxd6 Bd4 27. Re1 Qh2+
28. Kf1 Bh3# 0-1

[Event "Valencia ch-A 2005"]
[Site "Cullera ESP"]
[Date "2005.07.25"]
[Round "5.2"]
[White "Garcia Roman, Daniel"]
[Black "Alvarez Ibarra, Rafael"]
[Result "1/2-1/2"]
[WhiteElo "2166"]
[BlackElo "2240"]
[PlyCount "67"]
[EventDate "2005.07.19"]
[EventType "tourn"]
[EventRounds "5"]
[EventCountry "ESP"]
[Source "lmi"]
[SourceDate "2005.08.01"]

1. e4 c5 2. Nf3 Nc6 3. d4 cxd4 4. Nxd4 Qb6 5. Nb3 Nf6 6. Bd3 e6 7. O-O Be7 8.
c4 d5 9. Nc3 d4 10. c5 Qd8 11. Nb5 e5 12. Bg5 O-O 13. Bxf6 Bxf6 14. Nd6 Be7 15.
Nf5 g6 16. Nxe7+ Qxe7 17. Rc1 Be6 18. a3 a5 19. Nd2 a4 20. Bc4 Bxc4 21. Rxc4
Rfd8 22. Rxa4 Qxc5 23. Rxa8 Rxa8 24. Qc1 Qb5 25. Nf3 d3 26. h4 Nd4 27. Nxd4
exd4 28. Rd1 Re8 29. f3 Re6 30. Qd2 Rc6 31. Qxd3 Qxb2 32. Qxd4 Qxa3 33. Qd8+
Qf8 34. Qe7 1/2-1/2

[Event "Valencia ch-A 2005"]
[Site "Cullera ESP"]
[Date "2005.07.25"]
[Round "5.3"]
[White "Roig Aguilar, Alejandro"]
[Black "Arizmendi Martinez, Julen Luis"]
[Result "0-1"]
[WhiteElo "2085"]
[BlackElo "2504"]
[PlyCount "109"]
[EventDate "2005.07.19"]
[EventType "tourn"]
[EventRounds "5"]
[EventCountry "ESP"]
[Source "lmi"]
[SourceDate "2005.08.01"]

1. d4 Nf6 2. Nf3 c5 3. d5 e6 4. Nc3 exd5 5. Nxd5 Nxd5 6. Qxd5 Be7 7. e4 O-O 8.
Bc4 d6 9. Ng5 Qe8 10. O-O Nc6 11. Re1 Nd4 12. Bd3 h6 13. Nf3 Nxf3+ 14. gxf3 Qd7
15. Qh5 Qh3 16. Qxh3 Bxh3 17. Bc4 Be6 18. Bd5 Bxd5 19. exd5 Bf6 20. Bf4 Rfd8
21. c3 b5 22. Re4 a5 23. a3 Rab8 24. Rb1 Rb7 25. Kf1 Re7 26. Rxe7 Bxe7 27. Re1
Kf8 28. Re4 Ke8 29. Ke2 Kd7 30. Kd3 c4+ 31. Kc2 a4 32. Kd1 h5 33. h3 h4 34. Be3
Rh8 35. Rg4 g6 36. Rd4 g5 37. Ke2 f5 38. f4 g4 39. Rd1 gxh3 40. Rh1 Rg8 41. Kf1
Bf6 42. Rxh3 Rg4 43. Rh1 Rg8 44. Rg1 Rxg1+ 45. Kxg1 b4 46. axb4 a3 47. bxa3
Bxc3 48. Bc1 Be1 49. Kg2 c3 50. a4 Bd2 51. Ba3 c2 52. Kh3 Bxf4 53. Kxh4 c1=Q
54. Bxc1 Bxc1 55. Kh5 0-1

[Event "Valencia ch-B 2005"]
[Site "Cullera ESP"]
[Date "2005.07.21"]
[Round "1.1"]
[White "Buenafe Moya, Javier"]
[Black "Carrascoso Morales, Abel"]
[Result "1-0"]
[WhiteElo "2240"]
[BlackElo "2165"]
[PlyCount "119"]
[EventDate "2005.07.19"]
[EventType "tourn"]
[EventRounds "5"]
[EventCountry "ESP"]
[Source "lmi"]
[SourceDate "2005.08.01"]

1. c4 g6 2. Nc3 Bg7 3. g3 d6 4. Bg2 e5 5. e3 Nc6 6. Nge2 f5 7. d4 Nf6 8. b4 O-O
9. b5 Ne7 10. O-O a6 11. dxe5 dxe5 12. Ba3 Qxd1 13. Raxd1 Re8 14. bxa6 Rxa6 15.
Bxe7 Rxe7 16. Rd8+ Re8 17. Rxc8 Rxc8 18. Bxb7 Rca8 19. Bxa8 Rxa8 20. Rb1 e4 21.
Rb7 Ne8 22. Kg2 Ra3 23. Rb3 Ra6 24. f3 exf3+ 25. Kxf3 Rc6 26. a4 Nd6 27. Nd5
Kf7 28. Nb4 Rxc4 29. a5 c5 30. Nd5 Ra4 31. Rb6 Nc4 32. Rb7+ Kf8 33. Nef4 Ne5+
34. Ke2 Ra2+ 35. Kd1 Kg8 36. Ne6 Bh8 37. Rb8+ Kf7 38. Ng5+ Kg7 39. Ra8 Nc6 40.
a6 h6 41. Ne6+ Kf7 42. Nxc5 Ra1+ 43. Ke2 Ra2+ 44. Kf1 Ra1+ 45. Kg2 Ra2+ 46. Kg1
Ra1+ 47. Kf2 Ra2+ 48. Ke1 Ra1+ 49. Kd2 Be5 50. Rc8 Na5 51. Rd8 Ra2+ 52. Kd3
Ra3+ 53. Ke2 Ra2+ 54. Kf3 Nc4 55. Rd7+ Kg8 56. Ne7+ Kf7 57. Nxf5+ Kf6 58. Nxh6
Nd2+ 59. Kg4 g5 60. Rxd2 1-0

[Event "Valencia ch-B 2005"]
[Site "Cullera ESP"]
[Date "2005.07.21"]
[Round "1.2"]
[White "Castella Garcia, Fausto"]
[Black "Rosa Cintas, Raul"]
[Result "1-0"]
[WhiteElo "2414"]
[BlackElo "2166"]
[PlyCount "101"]
[EventDate "2005.07.19"]
[EventType "tourn"]
[EventRounds "5"]
[EventCountry "ESP"]
[Source "lmi"]
[SourceDate "2005.08.01"]

1. e4 e5 2. Nf3 Nf6 3. d4 Nxe4 4. Bd3 d5 5. Nxe5 Nd7 6. Nxd7 Bxd7 7. O-O Bd6 8.
Nc3 Nxc3 9. bxc3 O-O 10. Qh5 f5 11. Re1 c6 12. Bg5 Qc7 13. c4 b6 14. cxd5 cxd5
15. Re3 g6 16. Qf3 Bc6 17. h4 Rfe8 18. Rae1 Qf7 19. Bf4 Bxf4 20. Qxf4 Rxe3 21.
Rxe3 Re8 22. h5 Rxe3 23. Qxe3 f4 24. hxg6 hxg6 25. Qe5 Kh7 26. Kf1 Kh6 27. Ke2
Qe8 28. Kf3 Qxe5 29. dxe5 g5 30. g3 fxg3 31. Kxg3 Bd7 32. f4 gxf4+ 33. Kxf4 Kg7
34. Bf5 Ba4 35. Ke3 Kf7 36. Kd4 Bc6 37. Bg4 Ba4 38. c3 Ke7 39. Kxd5 Be8 40. a3
Ba4 41. Kc4 Be8 42. Kd5 Ba4 43. Bc8 Be8 44. Ba6 Bd7 45. c4 Be8 46. Bb5 Bh5 47.
Kc6 Bf3+ 48. Kc7 Ke6 49. Kb8 a5 50. Kc7 Kxe5 51. Kxb6 1-0

[Event "Valencia ch-B 2005"]
[Site "Cullera ESP"]
[Date "2005.07.21"]
[Round "1.3"]
[White "Saldaño Dayer, Horacio"]
[Black "Camarena Gimenez, Rufino"]
[Result "1/2-1/2"]
[WhiteElo "2447"]
[BlackElo "2374"]
[PlyCount "144"]
[EventDate "2005.07.19"]
[EventType "tourn"]
[EventRounds "5"]
[EventCountry "ESP"]
[Source "lmi"]
[SourceDate "2005.08.01"]

1. e4 c6 2. d4 d5 3. Nd2 dxe4 4. Nxe4 Nd7 5. Bc4 Ngf6 6. Ng5 e6 7. Qe2 Nb6 8.
Bd3 h6 9. N5f3 c5 10. Be3 Qc7 11. Ne5 a6 12. Ngf3 Nbd5 13. O-O Bd6 14. Nc4 Be7
15. dxc5 Nxe3 16. Nd6+ Bxd6 17. cxd6 Qxd6 18. Qxe3 O-O 19. a4 b6 20. Qe5 Qxe5
21. Nxe5 Bb7 22. Nc4 Nd7 23. Rfd1 Rfd8 24. Bf1 Bd5 25. Ne3 Bc6 26. b4 a5 27.
Bb5 Rac8 28. bxa5 bxa5 29. Rd6 Nb8 30. Rxd8+ Rxd8 31. Nc4 Rc8 32. Nxa5 Bxb5 33.
axb5 Rxc2 34. g3 Rb2 35. Nc6 Nd7 36. Ra8+ Kh7 37. Ra7 Nc5 38. Rxf7 Rxb5 39. h4
Ne4 40. Nd4 Rb6 41. Re7 Nc5 42. h5 Rd6 43. Nf3 Ne4 44. g4 Rd5 45. Rxe6 Ng5 46.
Nxg5+ Rxg5 47. f3 Ra5 48. Kf2 Kg8 49. Re7 Ra4 50. Ke3 Kh7 51. Rd7 Rb4 52. f4
Ra4 53. Rd4 Ra1 54. Ke4 Re1+ 55. Kf5 Rf1 56. Re4 Rf2 57. Ke6 Rg2 58. f5 Ra2 59.
Kf7 Ra7+ 60. Re7 Ra6 61. Kf8 Ra8+ 62. Kf7 Ra6 63. Re6 Ra7+ 64. Kf8 Ra8+ 65. Ke7
Ra7+ 66. Kd6 Ra6+ 67. Ke5 Ra5+ 68. Kf4 Ra4+ 69. Re4 Ra6 70. Rd4 Ra1 71. Ke5
Ra5+ 72. Kd6 Ra6+ 1/2-1/2

[Event "Valencia ch-B 2005"]
[Site "Cullera ESP"]
[Date "2005.07.22"]
[Round "2.1"]
[White "Carrascoso Morales, Abel"]
[Black "Camarena Gimenez, Rufino"]
[Result "1/2-1/2"]
[WhiteElo "2165"]
[BlackElo "2374"]
[PlyCount "120"]
[EventDate "2005.07.19"]
[EventType "tourn"]
[EventRounds "5"]
[EventCountry "ESP"]
[Source "lmi"]
[SourceDate "2005.08.01"]

1. e4 c6 2. Nc3 d5 3. d4 dxe4 4. Nxe4 Nd7 5. Ng3 e6 6. Bd3 Be7 7. Nf3 h6 8. Ne4
Ngf6 9. O-O b6 10. Bf4 Nxe4 11. Bxe4 Bb7 12. Ne5 Nxe5 13. Bxe5 Bf6 14. Qf3 Rc8
15. Rfd1 O-O 16. Qh5 Qe7 17. Rd3 Rfd8 18. Rg3 Bxe5 19. dxe5 Kh8 20. Qg4 Qf8 21.
h4 Rd4 22. Re1 Rcd8 23. f4 f5 24. exf6 Qxf6 25. c3 R4d6 26. h5 Bc8 27. Qf3 Rf8
28. Rf1 Ba6 29. Rf2 Rfd8 30. Bc2 Qh4 31. Rh3 Qf6 32. Qe4 Kg8 33. g4 Rd2 34. Qe3
R8d3 35. Bxd3 Rxd3 36. Qxd3 Bxd3 37. Rxd3 Qh4 38. Rg2 Qe1+ 39. Kh2 Qf1 40. Rd4
c5 41. Re4 Kf7 42. Rd2 Qf3 43. Ra4 a5 44. Rg2 Qa8 45. Re2 Qf3 46. Rg2 Qd3 47.
Rf2 Qd1 48. Re4 Qxg4 49. Re5 Kf6 50. Kh1 Qh3+ 51. Kg1 Qg3+ 52. Kf1 Qd3+ 53. Kg2
g6 54. Rfe2 gxh5 55. Rxe6+ Kf5 56. Re8 Kg4 57. Rg8+ Kh4 58. Rge8 Qg3+ 59. Kh1
Qf3+ 60. Kg1 Qg3+ 1/2-1/2

[Event "Valencia ch-B 2005"]
[Site "Cullera ESP"]
[Date "2005.07.22"]
[Round "2.2"]
[White "Rosa Cintas, Raul"]
[Black "Saldaño Dayer, Horacio"]
[Result "0-1"]
[WhiteElo "2166"]
[BlackElo "2447"]
[PlyCount "39"]
[EventDate "2005.07.19"]
[EventType "tourn"]
[EventRounds "5"]
[EventCountry "ESP"]
[Source "lmi"]
[SourceDate "2005.08.01"]

1. d4 Nf6 2. Nf3 e6 3. c4 c5 4. e3 d5 5. Nc3 Nc6 6. dxc5 Bxc5 7. cxd5 exd5 8.
Be2 O-O 9. O-O a6 10. Nd4 Qd6 11. Nxc6 bxc6 12. Re1 Re8 13. Bf3 Qe5 14. e4 Bf5
15. Qc2 dxe4 16. Bg5 Bd6 17. g3 exf3 18. Qd2 Ne4 19. Rxe4 Bxe4 20. Re1 0-1

[Event "Valencia ch-B 2005"]
[Site "Cullera ESP"]
[Date "2005.07.22"]
[Round "2.3"]
[White "Buenafe Moya, Javier"]
[Black "Castella Garcia, Fausto"]
[Result "0-1"]
[WhiteElo "2240"]
[BlackElo "2414"]
[PlyCount "70"]
[EventDate "2005.07.19"]
[EventType "tourn"]
[EventRounds "5"]
[EventCountry "ESP"]
[Source "lmi"]
[SourceDate "2005.08.01"]

1. c4 g6 2. Nc3 Bg7 3. g3 Nf6 4. Bg2 O-O 5. Nf3 d6 6. d4 c6 7. O-O Qa5 8. d5
cxd5 9. Nxd5 Nxd5 10. cxd5 Na6 11. Nd4 Bd7 12. Bg5 Rfe8 13. Nb3 Qb4 14. Bd2 Qa4
15. Bc3 Bxc3 16. bxc3 Rac8 17. Qd2 Nc5 18. Nd4 Qa5 19. Rac1 Rc7 20. f4 Na4 21.
f5 Rxc3 22. fxg6 hxg6 23. Rb1 Rf8 24. Rxb7 Nc5 25. Rxa7 Qxa7 26. Qxc3 e5 27.
dxe6 Nxe6 28. e3 Nxd4 29. Qxd4 Qxa2 30. Qxd6 Qe6 31. Qd4 Qe7 32. Bd5 Be6 33.
Qe5 Qc5 34. Rxf7 Rxf7 35. Qxe6 Qc1+ 0-1

[Event "Valencia ch-B 2005"]
[Site "Cullera ESP"]
[Date "2005.07.23"]
[Round "3.1"]
[White "Castella Garcia, Fausto"]
[Black "Carrascoso Morales, Abel"]
[Result "1-0"]
[WhiteElo "2414"]
[BlackElo "2165"]
[PlyCount "59"]
[EventDate "2005.07.19"]
[EventType "tourn"]
[EventRounds "5"]
[EventCountry "ESP"]
[Source "lmi"]
[SourceDate "2005.08.01"]

1. e4 d6 2. d4 Nf6 3. Nc3 g6 4. f4 Bg7 5. Nf3 c5 6. Bb5+ Bd7 7. Bxd7+ Nfxd7 8.
d5 O-O 9. O-O Qa5 10. f5 Ne5 11. Nxe5 Bxe5 12. Bh6 Bg7 13. Bxg7 Kxg7 14. e5 f6
15. exd6 exd6 16. fxg6 hxg6 17. Ne2 Nd7 18. Nf4 Rf7 19. Nxg6 Kxg6 20. Qg4+ Kh7
21. Rf3 Rg7 22. Rh3+ Kg8 23. Qe6+ Rf7 24. Rg3+ Kf8 25. Qxd6+ Re7 26. Rf1 Qb6
27. Qf4 c4+ 28. Kh1 Rh7 29. Qg4 Ke7 30. Qe4+ 1-0

[Event "Valencia ch-B 2005"]
[Site "Cullera ESP"]
[Date "2005.07.23"]
[Round "3.2"]
[White "Saldaño Dayer, Horacio"]
[Black "Buenafe Moya, Javier"]
[Result "1-0"]
[WhiteElo "2447"]
[BlackElo "2240"]
[PlyCount "67"]
[EventDate "2005.07.19"]
[EventType "tourn"]
[EventRounds "5"]
[EventCountry "ESP"]
[Source "lmi"]
[SourceDate "2005.08.01"]

1. e4 c6 2. d4 d5 3. exd5 cxd5 4. c4 Nf6 5. Nc3 Nc6 6. Bg5 e6 7. c5 Be7 8. Nf3
h6 9. Bh4 g5 10. Bg3 Ne4 11. Bb5 Bf6 12. Be5 Nxc3 13. bxc3 Bd7 14. Bxc6 Bxc6
15. O-O Kf8 16. Bxf6 Qxf6 17. Ne5 Be8 18. f4 Rg8 19. Rb1 Rb8 20. fxg5 Qxg5 21.
Qe2 Rg7 22. Rf3 Kg8 23. Rg3 Qf5 24. Rf1 Qe4 25. Rxg7+ Kxg7 26. Qf2 Qf5 27. Qg3+
Qg5 28. Ng4 Rc8 29. h4 Qg6 30. Qe5+ Kf8 31. Qh8+ Ke7 32. Ne5 Qg3 33. Qf6+ Kf8
34. Ng6+ 1-0

[Event "Valencia ch-B 2005"]
[Site "Cullera ESP"]
[Date "2005.07.23"]
[Round "3.3"]
[White "Camarena Gimenez, Rufino"]
[Black "Rosa Cintas, Raul"]
[Result "1-0"]
[WhiteElo "2374"]
[BlackElo "2166"]
[PlyCount "75"]
[EventDate "2005.07.19"]
[EventType "tourn"]
[EventRounds "5"]
[EventCountry "ESP"]
[Source "lmi"]
[SourceDate "2005.08.01"]

1. c4 c5 2. Nc3 Nc6 3. g3 g6 4. Bg2 Bg7 5. Nf3 e5 6. a3 d6 7. b4 e4 8. Ng1 Bf5
9. Ra2 Nf6 10. f3 exf3 11. Nxf3 O-O 12. Qb3 Re8 13. O-O Nd4 14. Qd1 Nxf3+ 15.
Bxf3 cxb4 16. axb4 Qb6+ 17. Kg2 Qxb4 18. Ra4 Qb6 19. d3 Bg4 20. e4 Bd7 21. Ra2
Bc6 22. Bf4 Nh5 23. Bd2 Nf6 24. Qe2 a6 25. Be3 Qc7 26. Rb1 Nd7 27. d4 f5 28.
exf5 Bxd4 29. Nd5 Qd8 30. Qf2 Bxe3 31. Nxe3 Ne5 32. Bd5+ Bxd5+ 33. Nxd5 gxf5
34. Qxf5 Rf8 35. Qe6+ Kh8 36. Rxb7 Qc8 37. Qxc8 Rfxc8 38. Nf6 1-0

[Event "Valencia ch-B 2005"]
[Site "Cullera ESP"]
[Date "2005.07.24"]
[Round "4.2"]
[White "Carrascoso Morales, Abel"]
[Black "Rosa Cintas, Raul"]
[Result "1/2-1/2"]
[WhiteElo "2165"]
[BlackElo "2166"]
[PlyCount "102"]
[EventDate "2005.07.19"]
[EventType "tourn"]
[EventRounds "5"]
[EventCountry "ESP"]
[Source "lmi"]
[SourceDate "2005.08.01"]

1. e4 Nf6 2. Nc3 d5 3. exd5 Nxd5 4. Bc4 Nxc3 5. bxc3 e6 6. Nf3 Nc6 7. d4 Be7 8.
Bf4 Bf6 9. Qe2 Ne7 10. Ne5 Ng6 11. Bg3 c6 12. Ng4 Bg5 13. O-O O-O 14. f4 Bh4
15. Bxh4 Qxh4 16. g3 Qd8 17. Ne3 Qa5 18. Rf3 Ne7 19. Rb1 Nd5 20. Bb3 f6 21. Nc4
Qc7 22. Nd2 c5 23. f5 Qc6 24. c4 Nc7 25. d5 exd5 26. cxd5 Qa6 27. Qe7 c4 28.
Bxc4 Qa5 29. d6+ Nd5 30. d7 Bxd7 31. Qxd7 Rad8 32. Bxd5+ Kh8 33. Qe7 Rfe8 34.
Qb4 Qxd5 35. Rd3 Qxf5 36. Qe7 Rc8 37. Qd6 Rxc2 38. Rf1 Qa5 39. Re3 Ra8 40. Rd3
Qxa2 41. Qd5 Qxd5 42. Rxd5 h6 43. Rb1 b6 44. Nf3 Rac8 45. Nd4 Rd2 46. Rd6 Kg8
47. Nf5 Rxd6 48. Nxd6 Rc6 49. Nb5 a5 50. Nd4 Rc4 51. Nf3 Rc5 1/2-1/2